000 01441cam a22003857a 4500
003 CHAP
005 20220817043439.0
008 980518d1994 ch a r 00110 eng d
010 _a75544
011 _a76516
020 _a2831701198
035 _a86101
040 _cCHAP
082 0 4 _a333.782
_bM2
100 0 0 _aMcNeely, J. A.
_eed.
_973730
245 1 0 _aProtecting nature :
_bregional reviews of protected areas
_c/ed. by J. A. McNeely, J. Harrison and P. Dingwall
260 _aGland, Switzerland :
_bInternational Union for Conservation of Nature and Natural Resources,
_c1994.
300 _a402 p. :
_bcuadros ; gráfs. ; mapas
410 2 1 _aInternational Union for Conservation of Nature and Natural Resources
490 0 _aProtected areas programme
590 _aBATCH-UPD
_b10
_c20130110
_lUCH01
_h0446
590 _aBATCH-UPD
_b10
_c20130410
_lUCH01
_h0122
590 _aBATCH-UPD
_b10
_c20130914
_lUCH01
_h1203
590 _aCONVERSION
_b10
_c20130109
_lUCH01
_h1341
650 1 4 _aÁreas protegidas.
_982451
650 1 4 _aRecursos naturales
_xConservación.
700 0 2 _aDingwall, P.
_eed.
_932623
700 0 2 _aHarrison, J.
_eed.
_952896
810 2 1 _aInternational Union for Conservation of Nature and Natural Resources
830 0 _aProtected areas programme
_992444
901 _aBK
905 _aLilia Sánchez G.
942 _cLIBRO
949 _a333.782 M2
_bBC
_cLIBRO
_d3372400628566
_eLIBRO
_h93180
_i86101
_sb
_t$442.00
999 _c75544
_d75544